[Event "GBR-ch"]
[Site "Scarborough"]
[Date "2001.07.30"]
[Round "1"]
[White "Hebden, Mark"]
[Black "Stephenson, Norman"]
[Result "1-0"]
[WhiteElo "2550"]
[BlackElo "2246"]
[Annotator "Martin,A"]
[PlyCount "33"]
[EventDate "2001.07.30"]

1. d4 {comments by IM Andrew Martin} 1... d5 2. c4 e6 3. Nf3 Nf6 4. Bg5 Be7 5.
Nc3 h6 6. Bh4 O-O 7. e3 b6 8. Bd3 Bb7 9. O-O dxc4 10. Bxc4 Ne4 11. Bxe7 Qxe7
12. Nxe4 ({RR} 12. Rc1 Rd8 13. Nxe4 Bxe4 14. Ne5 Nd7 15. Bd3 Bxd3 16. Nc6 Qe8
17. Qxd3 ({RR} 17. Qxd3 Nc5 18. Rxc5 {
1/2-1/2 Vyzmanavin,A-Pigusov,E/Novosibirsk 1993/CBM 36 (18)}) 17... Nc5 18.
Rxc5 {1/2-1/2 Vyzmanavin,A-Pigusov,E/Novosibirsk 1993/CBM 36 (18)}) 12... Bxe4
13. Rc1 Rc8 $146 (13... Rd8 14. Bd3 ({RR} 14. Ne5 Nd7 15. Qg4 Nxe5 16. Qxe4
Nxc4 17. Rxc4 c5 18. dxc5 bxc5 19. Qc2 Rab8 20. b3 Rb5 21. h3 Rd5 22. Rc1 Qd6
23. a4 Rb8 24. Rxc5 Rd2 25. Rc8+ Rxc8 26. Qxc8+ Kh7 27. Qc3 f5 28. Qc4 a5 {
Gurevich,M-Barsov,A/Germany 1999/GER-chT2/1-0 (68)}) 14... Bxd3 15. Qxd3 c5 16.
Ne5 Qb7 {Beliavsky}) ({RR} 13... Nd7 14. Bb5 a6 15. Bc6 Bxc6 16. Rxc6 Rac8 17.
Qc2 Nb8 18. Rc3 c5 19. Rc1 Nd7 20. Qa4 Ra8 21. Qc2 Rfc8 22. h3 Ra7 23. b4 Rac7
24. bxc5 bxc5 25. Qa4 Rc6 26. Qa5 Qd8 27. Qxd8+ Rxd8 28. Nd2 Rd6 29. Ne4 cxd4
30. Rc8 Nb6 31. Nxd6 {1-0 Pribyl,M-Knebel,L/Schwaebisch Gmund 1996/EXT 98 (31)}
) 14. Ne5 $146 ({RR} 14. Be2 a6 ({RR} 14... c5 15. dxc5 Rxc5 16. Rxc5 {
1/2-1/2 Bronstein,D-Taimanov,M/Jurmala 1978/EXT 99 (16)}) 15. Ne5 Ra7 16. Bh5
g6 17. Bf3 Bxf3 18. Qxf3 c5 19. dxc5 Rac7 20. c6 Qg5 21. Qe4 Qf5 22. Qxf5 gxf5
23. Rc3 Kf8 24. Rfc1 Ke7 25. Nc4 b5 26. Na5 Kd6 27. Nb7+ Ke7 28. Na5 {
1/2-1/2 Morovic Fernandez,I-Bruzon,L/Havana 1999/CBM 71 (28)}) ({RR} 14. Bd3
Bxd3 15. Qxd3 Nd7 16. Rc6 Nb8 17. Rc3 Nd7 18. Rfc1 c5 19. b4 Rd8 20. bxc5 Nxc5
21. Qc2 Nd7 22. h3 e5 23. dxe5 Nxe5 24. Nxe5 {
1/2-1/2 Szypulski,A-Sapis,W/Warsaw 1988/EXT 97 (24)}) 14... c5 15. Qg4 Bf5 $2 (
15... Bb7 16. Nxf7 Kxf7 17. Qf5+ Ke8 18. Bxe6 $13) 16. Qf3 $146 Nd7 17. Qb7 1-0

[Event "GBR-ch"]
[Site "Scarborough"]
[Date "2001.07.30"]
[Round "1"]
[White "Burnett, Jim"]
[Black "Summerscale, Aaron"]
[Result "0-1"]
[WhiteElo "2209"]
[BlackElo "2510"]
[Annotator "Martin,A"]
[PlyCount "48"]
[EventDate "2001.07.30"]

1. d4 {comments by IM Andrew Martin} 1... d5 2. c4 c6 3. Nf3 Nf6 4. Nc3 a6 5.
e3 b5 6. b3 Bg4 7. Be2 e6 8. Ne5 Bxe2 9. Qxe2 Bb4 ({RR} 9... Be7 10. O-O O-O
11. Bb2 Nfd7 12. Nxd7 {1/2-1/2 Gulko,B-Short,N/New York 1994/CBM 42 (12)}) ({RR
} 9... Bd6 10. f4 Bb4 11. Bd2 Bxc3 12. Bxc3 Ne4 13. Rc1 Qh4+ 14. g3 Nxg3 15.
Qf2 Nf5 16. Qxh4 Nxh4 17. cxd5 exd5 18. Ba5 Ke7 19. Nxc6+ Nxc6 20. Rxc6 Rhc8
21. Rxc8 Rxc8 22. Kd2 Rc6 23. Kd3 Nf5 24. Re1 {
Ramon,V-Zhukova,N/Elista 1998/CBM 66 ext/0-1 (44)}) 10. Bd2 Qa5 11. Nb1 $6 $146
{Unimpressive.} ({RR} 11. Rc1 Ne4 12. Nxe4 dxe4 13. f3 ({RR} 13. Rc2 O-O 14.
Qg4 Bxd2+ 15. Rxd2 Qc3 16. Ke2 f5 17. Qh4 Ra7 18. c5 Rc7 19. Rf1 Nd7 20. Qe7
Nxe5 21. Qxc7 Nc4 22. Rfd1 f4 23. exf4 e3 24. bxc4 exd2 25. Rxd2 Qxc4+ 26. Ke3
Qc3+ 27. Ke2 Qc4+ 28. Ke3 Qc3+ 29. Ke2 {
1/2-1/2 Vyzmanavin,A-Sokolov,I/Elenite 1993/CBM 38/[Belov] (29)}) 13... f6 14.
Ng4 exf3 15. gxf3 Bxd2+ ({RR} 15... O-O 16. Nf2 Nd7 17. Nd3 Bxd2+ 18. Qxd2 Qb6
19. O-O c5 20. dxc5 Nxc5 21. Nxc5 Qxc5 22. Rfd1 Rad8 23. Qc3 bxc4 24. bxc4 h5
25. Rd4 e5 26. Rd2 h4 27. Kf2 h3 28. Kg3 e4 29. Rd5 Rxd5 30. cxd5 {
Kolev,A-Sokolov,I/Elenite 1993/CBM 38/1/2-1/2 (63)}) 16. Qxd2 Qxd2+ 17. Kxd2
Kf7 18. Nf2 Rd8 19. Kc3 a5 20. Kb2 Na6 21. Rhd1 Ra7 22. Ne4 Rad7 23. a3 e5 24.
cxb5 cxb5 25. Rc6 Nb8 {Tregubov,P-Bukal,V/Ljubljana 1994/TD/1-0 (39)}) 11...
Ne4 12. Bxb4 Qxb4+ 13. Kf1 bxc4 14. bxc4 f6 15. Nf3 Nd7 16. cxd5 (16. Nfd2 $1 {
The best try.} 16... Qb2 17. Nb3 Qxe2+ 18. Kxe2 dxc4 19. N3d2 Nxd2 (19... Nd6
20. Rc1 Nb6 21. Na3) 20. Nxd2 $11) 16... cxd5 17. Ne1 Rc8 18. Nd3 Qa4 19. f3
Nd6 20. Nd2 Rc2 21. Kf2 Nc4 22. Rhd1 Qa5 23. Ke1 Ndb6 24. Nc1 Nxd2 0-1

[Event "GBR-ch"]
[Site "Scarborough"]
[Date "2001.07.30"]
[Round "1"]
[White "Addison, Bret C"]
[Black "Rowson, Jonathan"]
[Result "1/2-1/2"]
[WhiteElo "2218"]
[BlackElo "2514"]
[Annotator "Martin,A"]
[PlyCount "160"]
[EventDate "2001.07.30"]

1. d4 {comments by IM Andrew Martin} 1... Nf6 2. c4 e6 3. Nc3 Bb4 4. Bg5 c5 5.
d5 Bxc3+ 6. bxc3 d6 7. e3 Qe7 8. Nf3 e5 9. Qc2 h6 10. Bh4 g5 11. Bg3 Nh5 ({RR} 
11... Bg4 12. Nd2 Nbd7 13. Bd3 O-O-O 14. Rb1 Nf8 15. f3 Bh5 16. Bf5+ Kb8 17.
O-O Bg6 18. e4 Nh5 19. Qa4 Bxf5 20. exf5 Rd7 21. Rfe1 Nh7 22. Ne4 Nxg3 23. hxg3
Rhd8 24. Kf2 Nf6 25. Rh1 Nxe4+ 26. fxe4 {
Kubala,M-Krejci,J/Plzen 1997/EXT 98/1/2-1/2 (60)}) 12. Bd3 Ng7 ({RR} 12... Nd7
13. Nd2 Ndf6 14. h3 Bd7 15. Rb1 b6 16. a4 Ng7 17. f3 Nfh5 18. Bh2 Kd8 19. a5
Kc7 20. O-O f5 21. Rb2 f4 22. Ra1 Rhb8 23. Rba2 a6 24. Rb2 bxa5 25. Rxa5 Rxb2
26. Qxb2 Nf6 27. Qa3 {Jussupow,A-Karpov,A/Baden-Baden 1995/EXT 97/0-1 (61)})
13. Nd2 $146 ({RR} 13. h4 g4 14. Nd2 f5 15. h5 Rf8 16. O-O-O Nd7 17. f3 Nf6 18.
Bh4 Bd7 19. Rdf1 O-O-O 20. fxg4 e4 21. Be2 fxg4 22. Rxf6 Rxf6 23. Nxe4 Nxh5 24.
Nxf6 Nxf6 25. Rf1 Qxe3+ 26. Qd2 Qxd2+ 27. Kxd2 Ne4+ {
Gonzalez Velez,F-Cuadras,J/St Cugat 1996/EXT 99/0-1 (54)}) 13... f5 {
Apparently the broad pawn front is not as intimidating as it looks.} 14. f3
Rf8 15. O-O-O $5 Nd7 16. h3 Kd8 17. Bf2 Kc7 18. Rdf1 Nf6 19. Kb2 Bd7 20. Ka1
Rae8 21. Qb3 Bc8 22. Bc2 f4 23. g4 fxg3 24. Bxg3 Bf5 25. Rb1 Kb8 26. h4 g4 27.
fxg4 Nxg4 28. e4 Bc8 29. h5 Qg5 30. Bd1 Nf2 31. Bxf2 Rxf2 32. Nf3 Qf4 33. Rg1
Nxh5 34. Nd4 exd4 35. Bxh5 Re7 36. Rg8 d3 37. e5 Qxe5 38. Bg4 Rf5 39. Bxf5 Qxf5
40. Rbg1 Qf2 41. Qb1 Qd2 42. Rd1 Qxc3+ 43. Qb2 Qxc4 44. Qh8 Rc7 45. Rg3 d2 46.
Qc3 Qxd5 47. Qxd2 Qe5+ 48. Qc3 Qxc3+ 49. Rxc3 Rd7 50. Rh3 d5 51. Rh5 d4 52.
Rxc5 Rd6 53. Rc4 d3 54. Rf4 Bd7 55. Kb2 Bb5 56. a4 Ba6 57. Rf7 Bc4 58. Rh7 a5
59. Kc3 Ba6 60. Rd2 Rc6+ 61. Kb3 Rb6+ 62. Kc3 Rc6+ 63. Kb3 Rb6+ 64. Kc3 Ka7 65.
Rb2 Rg6 66. Rh2 Rg4 67. Ra2 Rh4 68. Ra1 Rh2 69. Rc1 Rh4 70. Ra1 h5 71. Ra2 Rc4+
72. Kd2 Re4 73. Kc3 Rc4+ 74. Kd2 Rg4 75. Kc3 h4 76. Rh5 Rg3 77. Rd2 Rg4 78.
Rxa5 Kb6 79. Rh5 Rxa4 80. Rh2 Rc4+ 1/2-1/2

[Event "GBR-ch"]
[Site "Scarborough"]
[Date "2001.07.30"]
[Round "1"]
[White "Ghasi, Ameet K"]
[Black "Hunt, Adam"]
[Result "1-0"]
[WhiteElo "2188"]
[BlackElo "2408"]
[Annotator "Martin,A"]
[PlyCount "81"]
[EventDate "2001.07.30"]

1. Nf3 {comments by IM Andrew Martin} 1... Nf6 2. d4 g6 3. g3 Bg7 4. Bg2 O-O 5.
O-O d6 6. c4 Nbd7 7. Nc3 e5 8. e4 a6 9. Re1 exd4 10. Nxd4 Ng4 11. h3 Qf6 12.
Nf3 Nge5 13. Nd5 Qd8 14. Nxe5 Nxe5 15. Ne3 $146 ({RR} 15. Qc2 c6 16. Ne3 Re8
17. Bd2 a5 18. Rad1 Qb6 19. Bc3 Be6 20. Kh2 Bh6 21. b3 Rad8 22. f4 Nd7 23. Qd2
Qa7 24. Qxd6 Bf8 25. Qd2 Nc5 26. Qc2 Bc8 27. Rxd8 Rxd8 28. f5 Nd3 29. Re2 h5 {
Torbin,K-Belov,V/Serpukhov 1999/EXT 2000/1-0 (44)}) ({RR} 15. Qe2 Re8 16. Be3
b5 17. c5 Nc4 18. cxd6 cxd6 19. Rab1 Bb7 20. Red1 Nxe3 21. Qxe3 Rc8 22. Rd2 Rc5
23. Qb3 Qa5 24. Rbd1 Bxd5 25. Rxd5 Rxd5 26. Rxd5 Qe1+ 27. Bf1 Re6 28. Qc2 h5
29. h4 Qxe4 30. Qxe4 Rxe4 31. Rxd6 Ra4 32. Rd8+ Kh7 33. Rd7 Rxa2 34. Rxf7 Rxb2
35. Ra7 Ra2 36. Bxb5 Ra1+ 37. Bf1 Kh6 38. Rxa6 Rxa6 {
1/2-1/2 Huebner,R-Ivanchuk,V/Frankfurt 1998/CBM 65 ext (38)}) ({RR} 15. Qb3 Rb8
16. Be3 b5 17. cxb5 axb5 18. Rad1 Be6 19. Qc2 c6 20. Nf4 Qe7 21. b3 c5 22. Nxe6
fxe6 23. f4 Nc6 24. e5 Nd4 {
1/2-1/2 Baumgartner,H-Hangweyrer,M/Austria 1996/EXT 98 (24)}) 15... Be6 16. Qe2
Nc6 17. Nd5 b5 (17... Qd7 18. Bh6 $5 (18. Kh2 Rae8) (18. Be3 f5) 18... Bxd5 19.
exd5 Bxh6 20. dxc6 bxc6 21. Qe7 $14) 18. Be3 Na5 19. cxb5 axb5 20. h4 Bxd5 (
20... Nc4 $1 21. Bg5 f6 22. Bc1 c6 23. Nf4 Bf7) 21. exd5 Nc4 22. Bg5 Qd7 23.
Qc2 Bxb2 24. Rab1 Be5 25. Rb4 Ra3 26. Reb1 Rc3 27. Qd1 Na3 28. R1b3 Ra8 29. Bf1
Ra5 30. Bd2 Rxb3 31. Qxb3 Qf5 32. Rf4 Bxf4 33. Bxa5 Bc1 34. Bxc7 Qd7 35. Ba5
Qa7 36. Bb4 Qa4 37. Qc3 Nb1 38. Qc8+ Kg7 39. Bc3+ f6 40. Qc7+ Kh6 41. Bxf6 1-0

[Event "GBR-ch"]
[Site "Scarborough"]
[Date "2001.07.30"]
[Round "1"]
[White "Hodgson, Julian M"]
[Black "Tan, Desmond"]
[Result "1-0"]
[WhiteElo "2581"]
[BlackElo "2253"]
[Annotator "Martin,A"]
[PlyCount "85"]
[EventDate "2001.07.30"]

1. d4 {comments by IM Andrew Martin} 1... Nf6 2. Bg5 e6 3. e4 h6 4. Bxf6 Qxf6
5. c3 $146 {Hodgson's current favourite. The main point is to leave the f
pawn free for action.} (5. Nf3) (5. Nc3) (5. Qd2) ({RR} 5. g3 Nc6 6. c3 e5 7.
d5 Bc5 8. Qf3 Ne7 9. Qxf6 gxf6 10. b4 Bb6 11. Nd2 f5 12. Bc4 d6 13. exf5 Bxf5
14. a4 a5 15. Ne2 Bh3 16. bxa5 Bxa5 17. Nb3 Bg2 18. Kd2 Bxh1 19. Rxh1 Bb6 {
Raptis,G-Arakhamia,K/Ano Liosia 1997/EXT 98/0-1 (53)}) 5... d5 $1 {And this is
a good,solid reply. Compare the variation 5 Nf3 d5 6 e5 Qd8 7 c4! where White
is supposed to hold a small advantage although I have my doubts about that.} 6.
e5 Qd8 7. Nf3 c5 {If White isn't careful,Black will get a very decent 'French'.
The soft spot at g7 is carefully protected and ...Qb6,Nc6 is the upcoming plan.
} 8. dxc5 Bxc5 9. Bd3 Nc6 10. O-O Bd7 {Tan's idea seems to be to delat
castling as long as is humanly possible.He could only have been afraid of the
Bc2,Qd3 battery but perhaps that's not as dangerous as it seems :} (10... O-O
11. Bc2 f5 (11... f6 12. Qd3 Nxe5 13. Qh7+ Kf7 14. Nxe5+ fxe5 15. Qg6+ $11) (
11... Qc7 12. Qd3 g6 13. Qd2 Kg7 14. Qf4 $36) 12. exf6 Qxf6 13. Qd3 Bd7 14.
Nbd2 Rae8 $13) 11. Nbd2 Qc7 12. Qe2 Be7 $5 13. Rfe1 a6 14. Rac1 $14 {Initial de
velopment over for White,now what the heck to do with this position ? The
natural plan must be c3-c4! but Hodgson never gets around to playing it.} 14...
Rc8 15. Nb3 $5 {Naturally White could be more direct but Black has chances eg}
(15. c4 Nb4 $1 16. Bb1 dxc4 17. Rxc4 Bc6 {Decent enough } 18. Rec1 O-O (18...
b5 $5 19. R4c3 Qd7 20. Be4 O-O) 19. a3 Nd5 20. Qe4) 15... Qb6 16. Bb1 Na5 $1 {
Hauls Tan back into the game. Black's next task is simply to connect the Rooks
if he can.This Hodgson fights to prevent.} 17. Nxa5 Qxa5 18. Nd4 Bg5 {
A clever idea.} 19. Rcd1 Ba4 {And if 20 b3,Black has forced a weakness.} 20.
Nb3 Qb6 21. Rd4 $1 {White is looking for a way to improve the position.His
Rook hits the fourth rank supporting pawn advances such as h4,g4 and attacking
the Bishop.} (21. Bc2 Qc7 (21... Bxb3 22. axb3 Be7) 22. Qf3 Bxb3 23. Bxb3 (23.
axb3 O-O 24. Qd3 f5 (24... g6 25. Qg3 Kh7 26. h4 Be7 27. h5 $36) 25. exf6 Rxf6
26. g3 $1 $16) 23... O-O $11) 21... Bxb3 22. axb3 Be7 23. Bc2 g6 24. Ra1 h5 {
Looks equal but why should it be ? White has two Rooks in play to Black'sone.
} 25. h4 (25. Raa4 O-O 26. g4 h4 $8 {The resource that Hodsgon prevents.} 27.
g5 Bxg5 28. Qg4 Bh6 29. Qxh4 Bg7 $13) 25... Qd8 (25... O-O 26. g4 $40) 26. Raa4
Bc5 27. Rf4 g5 $5 {Now it really starts to sharpen up.Tan goes up a gear and
announces that he will fight for the initiative. It's the correct decision!}
28. Rf6 Be7 29. hxg5 Bxf6 30. exf6 {Debate ensued in the commentary room about
the relative merits of each pawn capture. In the end we rejected} (30. gxf6 {
due to} 30... h4 31. Qg4 Kd7 $1 {This is the key idea } 32. Rd4 Kc7 33. Qg7
Qf8 {Black defends.}) 30... h4 31. Rb4 b5 32. Qe3 Qd6 33. g6 $40 {Tan keeps his
head now. Black's position appears almost finished,but this is not yet the
case.} 33... fxg6 34. Qa7 h3 $1 35. Qg7 Qf8 36. Qb7 Qc5 37. Bxg6+ Kd8 38. Qxa6
Rc6 $2 {It is truly difficult to play chess properly with the KIng so exposed.
Even if you can't see a win for the other guy,fear often gets the better of
you and a blunder results. This was Black's last chance-he had to create
counterplay with} (38... h2+ $1 {
which seems to lead to perpetual or dangers for White eg} 39. Kh1 Rb8 (39...
Qxb4 40. Qb6+ Kd7 41. Be8+ $3 Kxe8 42. Qxe6+ Kd8 43. Qxd5+ Ke8 44. Qe6+ Kd8
45. Qd5+ $11) 40. Qxe6 (40. Bd3 Qxf2 41. Qd6+ Kc8 42. Qxe6+ Kc7 43. Qf7+ Kc6
44. Bxb5+ Rxb5 45. Qe6+ Kc7 (45... Kc5 46. Qe7+ $11) 46. Qe7+ Kc6 $11) 40...
Ra8 $1 $132) 39. Qa5+ Rc7 40. gxh3 $1 {
Very strong.Now,with no threats to his King,White can march to victory.} (40.
Rxb5) 40... Rg8 41. Rg4 Kd7 42. b4 Qc6 43. Bd3 {
A messy game,where White had to fight every inch of the way.} 1-0

[Event "GBR-ch"]
[Site "Scarborough"]
[Date "2001.07.31"]
[Round "2"]
[White "Williams, Simon K"]
[Black "Gallagher, Joseph G"]
[Result "1/2-1/2"]
[WhiteElo "2369"]
[BlackElo "2516"]
[Annotator "Martin,A"]
[PlyCount "70"]
[EventDate "2001.07.30"]

1. c4 {notes by IM Andrew Martin} 1... g6 2. Nc3 Bg7 3. d4 Nf6 4. e4 d6 5. Nge2
a6 6. g3 $5 O-O 7. Bg2 Nbd7 8. O-O e5 9. b3 exd4 10. Nxd4 Re8 11. h3 Rb8 12.
Be3 c5 13. Nde2 b5 14. Qxd6 b4 15. Na4 Nxe4 16. Bxe4 Rxe4 17. Rad1 Qe8 18. Nxc5
$146 ({RR} 18. Nf4 Bf8 19. Qc7 ({RR} 19. Qd3 Nf6 20. Bxc5 g5 21. Bxf8 gxf4 22.
Nc5 Re5 23. Bd6 Bxh3 24. gxf4 Rxc5 25. Qxh3 Rh5 26. Qg3+ Kh8 27. Bxb8 Qxb8 28.
Rd4 Rc5 29. f5 Qe8 30. Rfd1 Rc8 31. Kh2 Qf8 32. Qh4 Qe7 33. Re1 Qc7+ 34. Qg3
Qb7 35. Qe5 Qb6 36. Qd6 Rc6 37. Re8+ Ng8 38. Rxg8+ {
1-0 Khurtsidze,N-Kovalevskaya,E/Nova Gorica 1999/CBM 71 ext (38)}) 19... Re5
20. h4 Rxe3 21. fxe3 Qxe3+ 22. Kg2 Qe4+ 23. Kh2 Ne5 24. Qxb8 Ng4+ 25. Kg1 Qe3+
26. Kg2 Qe4+ 27. Kg1 Qe3+ 28. Kg2 Qe4+ 29. Kg1 {
1/2-1/2 Horvath,J-Reinderman,D/Haarlem 1993/EXT 98 (29)}) 18... Rxe3 19. Nxd7
Rxe2 20. Nxb8 Bxh3 21. Nd7 Bxf1 22. Nf6+ (22. Kxf1 Rxa2 23. Re1 Qa8 $1 $15)
22... Bxf6 23. Qxf6 Re1 24. Rd8 Bxc4+ 25. Kh2 Bd5 26. Rxe8+ Rxe8 27. Qd6 $16
Bf3 28. Qxb4 Re2 29. Qc5 h5 (29... Rxa2 $4 30. Qc8+ Kg7 31. Qc3+) 30. g4 (30.
Qc8+ Kh7 31. Qf8 Rxf2+ 32. Kg1 Rg2+ 33. Kf1 f5 34. Qe7+ Kg8 35. Qf6 $1) 30...
hxg4 31. Kg3 Rxa2 32. Kf4 Re2 33. Kg5 Re6 34. Kh6 g5+ 35. Kxg5 Kg7 1/2-1/2

[Event "GBR-ch"]
[Site "Scarborough"]
[Date "2001.07.31"]
[Round "2"]
[White "Ansell, Simon"]
[Black "Hebden, Mark"]
[Result "1/2-1/2"]
[WhiteElo "2376"]
[BlackElo "2550"]
[Annotator "Martin,A"]
[PlyCount "82"]
[EventDate "2001.07.30"]

1. e4 {notes by IM Andrew Martin} 1... e5 2. Nf3 Nc6 3. Bb5 a6 4. Ba4 Nf6 5.
O-O Be7 6. Re1 b5 7. Bb3 O-O 8. a4 Bb7 9. d3 d6 10. c3 Qd7 ({RR} 10... Nb8 11.
axb5 axb5 12. Rxa8 Bxa8 13. Na3 c6 14. Ng5 h6 15. Nh3 Nbd7 16. f4 Bb7 17. Nf2
Bc8 18. d4 Qa5 19. Nc2 c5 20. Ne3 c4 21. Nf5 Re8 22. Nxe7+ Rxe7 23. Bc2 Re8 24.
g4 b4 25. dxe5 {Nijboer,F-Khalifman,A/Groningen 1997/CBM 63/0-1 (65)}) ({RR} 
10... Re8 11. Nbd2 Bf8 12. d4 Na5 13. Bc2 c5 14. d5 c4 15. b4 cxb3 16. Nxb3
Nxb3 17. Bxb3 Nd7 18. axb5 axb5 19. Ba3 Qc7 20. Bb4 Nc5 21. Bc2 Rxa1 22. Qxa1
Ra8 23. Qb2 Na4 24. Qb3 Rc8 25. Re3 g6 26. Qa3 Ra8 27. Re1 Nc5 28. Qb2 Bc8 29.
Ra1 Na4 30. Qc1 Bd7 31. Ra3 Rc8 32. Qe3 Qd8 33. Nd2 Be7 34. g3 Qf8 35. Bd1 f5
36. exf5 gxf5 37. f4 e4 38. g4 Qg7 39. Kh1 Qg6 40. gxf5 Bxf5 41. Bxa4 bxa4 42.
Rxa4 Kf7 43. Ra1 Rg8 44. Rg1 Qxg1+ 45. Qxg1 Rxg1+ 46. Kxg1 e3 47. Nc4 e2 48.
Kf2 Bd3 {1/2-1/2 Hunt,H-Hebden,M/Isle of Man 1996/EXT 97 (48)}) 11. Nbd2 ({RR} 
11. Na3 Nd8 12. Bc2 Ne6 13. b4 Rfe8 14. Bd2 Bf8 15. c4 c6 16. Bb3 Rab8 17. Qc2
g6 18. Be3 Ng4 19. Ba7 Ra8 20. Bb6 c5 21. cxb5 cxb4 22. bxa6 Rxa6 23. Nc4 d5
24. Ncxe5 Nxe5 25. Nxe5 Qd6 26. exd5 Bxd5 27. a5 Bg7 28. d4 Nxd4 29. Bxd4 Bxb3
30. Qxb3 Bxe5 31. Bxe5 Rxe5 32. Red1 Qe7 33. Rab1 Raxa5 {
1/2-1/2 Van den Doel,E-De Vreugt,D/Dieren 1999/CBM 71 ext (33)}) 11... Rfe8 12.
Nf1 h6 $146 ({RR} 12... Bf8 13. Ne3 Nd8 14. axb5 axb5 15. Rxa8 Bxa8 16. c4 c6
17. cxb5 cxb5 18. Nd5 Nxd5 19. Bxd5 Bxd5 20. exd5 f5 21. Be3 Nf7 22. Qb3 f4 23.
Bc1 Rc8 24. Bd2 g5 25. d4 Bg7 26. dxe5 dxe5 27. Bc3 {
Emms,J-Hebden,M/Hastings 1995/CBM 50 ext/0-1 (54)}) 13. Ng3 Bf8 14. Nh4 Na5 15.
Bc2 b4 16. Nhf5 d5 17. cxb4 Nc6 18. Qf3 Nxb4 19. Bb3 Re6 20. Bd2 dxe4 21. Bxe6
Qxe6 22. Nxe4 Nxe4 23. dxe4 Nc2 $15 24. Qd3 Nxa1 25. Rxa1 Rb8 (25... g6 $1 26.
Ne3 (26. Nxh6+ $2 Kh7 27. Qe3 Rd8 $17) 26... Qd6 $15) 26. Bc3 g6 27. Ne3 Bg7
28. Re1 Qc6 29. Nd5 Kh7 30. a5 Rd8 31. Qg3 Qd6 32. Nb4 f6 33. f3 Bf8 34. h3 Qd7
35. Qf2 Qb5 36. Qe2 Qxa5 37. Kh2 Bxb4 38. Qc4 Bd5 39. Qxb4 Qxb4 40. Bxb4 Bf7
41. Be7 Re8 1/2-1/2

[Event "GBR-ch"]
[Site "Scarborough"]
[Date "2001.07.31"]
[Round "2"]
[White "Hanley, Craig"]
[Black "Gormally, Daniel"]
[Result "1-0"]
[WhiteElo "2278"]
[BlackElo "2481"]
[Annotator "Martin,A"]
[PlyCount "87"]
[EventDate "2001.07.30"]

1. c4 {notes by IM Andrew Martin} 1... Nf6 2. g3 e6 3. Nf3 d5 4. b3 Be7 5. Bg2
O-O 6. O-O c5 7. Bb2 Nc6 8. e3 b6 9. Nc3 Bb7 10. cxd5 exd5 11. d4 Re8 12. Ne5 (
{RR} 12. Rc1 Rc8 13. dxc5 Bxc5 14. Na4 Be7 15. Nd4 Ne4 16. Nf5 Bf8 17. Nc3 Ba6
18. Nxd5 Qg5 19. g4 h5 20. Bxe4 Rxe4 21. f3 Ree8 22. h4 Qd8 23. Nh6+ Kh7 24.
Nxf7 Qxh4 25. Qc2+ Kg8 26. Nh6+ Kh8 {
Reschke,T-Janoschka,A/GER 1999/EXT 2000/1/2-1/2 (46)}) 12... cxd4 $146 ({RR} 
12... Nb4 13. Rc1 cxd4 14. exd4 Rc8 15. Bh3 Rc7 16. a3 Na6 17. Qf3 Bd6 18. Nb5
Bxe5 19. dxe5 d4 20. Nxc7 Bxf3 21. Nxe8 Nxe8 22. Rc8 Qe7 23. Bxd4 Bb7 24. Rc3
Nac7 25. Rd1 Ne6 26. Be3 h6 27. b4 N8c7 28. Rcd3 Qe8 29. Rd7 Bc6 30. R7d6 Bf3
31. R1d3 Be4 32. Rd1 Qb5 33. Bf1 Qxe5 34. Bc4 {
0-1 Von Gleich,A-Dankert,P/Krumbach 1991/TD (34)}) ({RR} 12... Bf8 13. Ng4 ({RR
} 13. Nxc6 Bxc6 14. Rc1 Rc8 15. Qd3 c4 16. Qc2 Qd7 17. bxc4 dxc4 18. d5 Ba8 19.
Ne4 Nxd5 20. Ng5 f5 21. Rfd1 h6 22. Nh3 Qf7 23. Qa4 Red8 24. Rxc4 Nxe3 25. Rxd8
Rxd8 26. fxe3 Bxg2 27. Kxg2 Rd2+ 28. Kf1 Rxb2 29. Rc2 b5 {
0-1 Viljava,T-Pulkkinen,K/FIN 1996/EXT 98 (29)}) 13... Nxg4 14. Qxg4 cxd4 15.
Nxd5 Re5 16. Nf4 Rg5 17. Qh4 Rc5 18. Qxd8 Rxd8 19. Bxd4 Rc2 20. Rfc1 Nxd4 21.
Bxb7 Ne2+ 22. Nxe2 Rxe2 23. Ba6 Rb2 24. Rc7 Bc5 25. Rf1 h6 26. Bc4 Kh7 27. Rxf7
{Nikolaevsky,Y-Shamkovich,L/Leningrad 1971/URS-ch/1-0 (46)}) ({RR} 12... Nb8
13. Rc1 Na6 14. Re1 Nc7 15. Na4 Ne6 16. dxc5 Nxc5 17. Nxc5 Bxc5 18. Ng4 Nxg4
19. Qxg4 Bf8 20. Red1 Qd6 21. Rd4 Qe6 22. Qd1 Rac8 23. Rxc8 Bxc8 24. Bxd5 Qg6
25. Rf4 Be6 26. Bxe6 Qxe6 27. Rd4 {
Schulz,K-Dankert,P/Augsburg 1991/EXT 97/1-0 (39)}) 13. Nxc6 Bxc6 14. Qxd4 Bd6
15. Rfd1 Be5 16. Qd2 Qe7 17. Rac1 Rad8 18. Ne2 Ne4 19. Bxe4 dxe4 20. Qc2 Bxb2
21. Qxb2 Bd7 22. Rd4 Bg4 23. Rxd8 Rxd8 24. Nd4 Rd5 25. Rc4 h5 26. Qc2 Rc5 27.
Nc6 Qd6 28. Rxc5 bxc5 29. Qxe4 Qd1+ 30. Kg2 Be6 $4 { Missing an opportunity :
} (30... Be2 31. Qe8+ (31. h3) (31. g4 Qf1+ 32. Kg3 Qg1+ 33. Kf4 Qxg4+ 34. Ke5
Qe6+ 35. Kf4 g5+) (31. Ne7+ Kf8) 31... Kh7 32. Qe4+ g6 33. h3 Qf1+ 34. Kh2
Qxf2+ 35. Qg2 Qxe3) 31. Ne7+ Kf8 32. Ng6+ Kg8 33. Ne7+ Kf8 34. Ng6+ Kg8 35. Nf4
Bd7 36. Qa8+ Kh7 37. Qd5 Qxd5+ 38. Nxd5 Bc6 39. e4 f5 40. Kf3 g5 41. Ke3 Kg7
42. f4 g4 43. Nc3 Kf6 44. e5+ 1-0

[Event "GBR-ch"]
[Site "Scarborough"]
[Date "2001.07.31"]
[Round "2"]
[White "Walker, Martin G"]
[Black "Lane, Gary"]
[Result "1-0"]
[WhiteElo "2109"]
[BlackElo "2456"]
[Annotator "Martin,A"]
[PlyCount "71"]
[EventDate "2001.07.30"]

1. e4 {notes by IM Andrew Martin} 1... e5 2. Nf3 Nc6 3. Bb5 a6 4. Ba4 Nf6 5.
O-O b5 6. Bb3 Bc5 7. Nxe5 Nxe5 8. d4 Bxd4 9. Qxd4 d6 10. c3 O-O 11. f3 ({RR} 
11. Bg5 h6 12. Bxf6 Qxf6 13. f4 Nd7 14. Bd5 Qxd4+ 15. cxd4 Ra7 16. a4 bxa4 17.
Bc6 Nb6 18. Nc3 Bb7 19. Bxa4 Nxa4 20. Rxa4 Re8 21. d5 Bc8 22. Rfa1 Rb7 23. Rxa6
Rxb2 24. R6a2 Rb3 25. Ra3 Rb2 26. R1a2 Rb6 27. Ra8 Kf8 28. Kf2 Bb7 29. Rxe8+
Kxe8 30. Ke3 Rb3 31. Kd3 Rb4 {
1/2-1/2 Khalifman,A-Ehlvest,J/Paide 1999/EXT 2000 (31)}) 11... c5 12. Qf2 $146
({RR} 12. Qd1 c4 ({RR} 12... Bb7 13. Be3 Qe7 14. a4 h6 15. axb5 axb5 16. Rxa8
Rxa8 17. Na3 Ba6 18. Rf2 b4 19. cxb4 cxb4 20. Nc2 Rb8 21. Nd4 Rd8 22. Nf5 Qc7
23. Rc2 Qb8 24. Qd2 Rd7 25. Bxh6 gxh6 26. Qxh6 Ne8 27. Qg5+ {
Nikolin,Z-Maric,M/Vrnjacka Banja 1996/EXT 98/1-0 (38)}) 13. Bc2 d5 14. exd5 Bb7
15. a4 b4 16. cxb4 Qb6+ 17. Kh1 Nxd5 18. Qe1 Rfe8 19. Qh4 h6 20. Nc3 Nxb4 21.
a5 Qc7 22. Be4 Nbd3 23. Be3 Ng6 24. Qh5 Re5 25. Qg4 Bxe4 26. fxe4 Rxa5 27. Rxa5
Qxa5 28. Bd4 Qg5 29. Qd7 Rf8 30. Nd5 Ndf4 31. Nxf4 Nxf4 32. g3 Ne6 33. Bc3 Qe3
34. Qd5 Qe2 35. Kg1 Ng5 36. Qf5 Qxe4 37. h4 Qe3+ 38. Kg2 Qe4+ 39. Kh2 Qxf5 40.
Rxf5 Ne4 41. Ra5 Rb8 42. Ra4 Nxc3 43. bxc3 Kf8 44. Kg2 Ke7 45. Kf3 Kd7 46. Ke4
Rb6 {Rivera,D-Campos Moreno,J/Mondariz 1997/EXT 99/1/2-1/2 (59)}) 12... Nd3 13.
Qe3 Nxc1 14. Rxc1 Qe7 15. Re1 Re8 16. Nd2 Nh5 17. Rad1 Qf6 {
 It looks as though Gary missed the next move.} (17... Bb7 $11) 18. e5 $1
Rxe5 19. Ne4 Qe7 20. f4 Nxf4 21. Qxf4 c4 22. Rxd6 Bb7 23. Rd7 Qxd7 24. Qxe5
cxb3 25. Nc5 Qc6 26. Nxb7 bxa2 27. Na5 Qd7 28. b4 h6 29. Qe2 Rc8 30. Qxa2 Rxc3
31. h3 Rd3 32. Qf2 Rd2 33. Qc5 Qd3 34. Nc6 Rb2 35. Ne7+ Kh7 36. Qc8 1-0